000 00320nam a22001457a 4500
008 230124b ||||| |||| 00| 0 eng d
020 _a2900393316987
041 _aeng
080 _a521
082 _a521GEY
100 _a19.1
101 _aASTRO
245 _aPOSTMODERN AMERICAN FICTION
_cGEYH P
942 _2udc
_cBK
999 _c59254
_d59254